000 00744nam a2200229Ia 4500
008 191130s2008##################000#0#eng##
020 _a9781412927499
022 _a2007029680
040 _aACL
_cACL
082 _a302.40723 KNO
100 _aYang, Song
245 _aSocial network analysis
_cDavid Knoke, Song Yang
250 _a2nd ed
260 _aThousand Oaks, CA
_bSAGE Publications
_cc2008
300 _aviii , 132 p. : ill. ; 22 cm
500 _aRev. ed. of: Network analysis / David Knoke, James H. Kuklinski. c1982. Includes bibliographical references (p. 118-126) and index
650 _aSocial networks
700 _aKnoke, David
990 _abf39ac44ac10000c7169d0c3b111c1b5
991 _a231949
999 _c289887
_d289887